[Event "Reykjavik Open 2026"]
[Site "Reykjavik ISL"]
[Date "2026.03.31"]
[Round "9.114"]
[White "Walo, Max"]
[Black "Catapano, Alberto Pasquale"]
[Result "0-1"]
[WhiteElo "1705"]
[BlackElo "1922"]
[WhiteFideId "1354701"]
[BlackFideId "2856161"]
[EventDate "2026.03.25"]

1. f4 d5 2. Nf3 Nf6 3. e3 c5 4. b3 Bf5 5. Bb5+ Nbd7 6. Bb2 a6 7. Bxd7+ Nxd7 8.
O-O Nf6 9. d3 g6 10. Nbd2 Bg7 11. Qe1 O-O 12. Ne5 Bc8 13. e4 b5 14. exd5 Qxd5
15. c4 Qd6 16. Qe2 Bb7 17. Rad1 Rad8 18. Ndf3 Rfe8 19. d4 bxc4 20. bxc4 Qc7 21.
Ng5 Rf8 22. Nexf7 Rxf7 23. Ne6 Qc8 24. Nxd8 Qxd8 25. d5 Bc8 26. Rb1 Bf5 27. Rbe1
Qa5 28. Ba1 Qa4 29. h3 Ne8 30. Bxg7 Rxg7 31. g4 Bc8 32. Rf3 Nd6 33. Rb3 Qxc4 34.
Qxc4 Nxc4 35. Rb8 Nd6 36. Rc1 Rf7 37. Rxc5 Rf8 38. Rc7 Kf7 39. Kg2 h5 40. Rb6
Rd8 41. Kf3 Kf6 42. g5+ Kf7 43. Rxd6 Rxd6 44. Rxc8 Rxd5 45. Rc6 Ra5 46. Rc2 Ra3+
47. Kg2 Ke6 0-1

[Event "Reykjavik Open 2026"]
[Site "Reykjavik ISL"]
[Date "2026.03.31"]
[Round "9.115"]
[White "Bartlett, Aiden Emerson"]
[Black "Niori, Toma"]
[Result "0-1"]
[WhiteElo "1919"]
[BlackElo "1639"]
[WhiteFideId "39922405"]
[BlackFideId "7006519"]
[EventDate "2026.03.25"]

1. e4 c5 2. Nf3 Nc6 3. d4 cxd4 4. Nxd4 Nf6 5. Nc3 d6 6. h3 g6 7. Be3 Bg7 8. Qd2
Bd7 9. Be2 a6 10. Bf3 Ne5 11. Be2 Rc8 12. Bh6 O-O 13. Bxg7 Kxg7 14. O-O Nc4 15.
Bxc4 Rxc4 16. Kh1 Qb6 17. Nb3 Be6 18. Nd5 Bxd5 19. exd5 Qb5 20. Rad1 Rfc8 21. c3
a5 22. Rfe1 R8c7 23. Re3 a4 24. Nc1 R4c5 25. Rd3 Ne4 26. Qe1 Nf6 27. Qd2 Ne4 28.
Qf4 Rc4 29. Rd4 Rxd4 30. Rxd4 Nf6 31. Qd2 Rc5 32. Nd3 Rc4 33. Nb4 Rxd4 34. Qxd4
Qe2 35. c4 Qe1+ 36. Kh2 Qxb4 37. a3 Qc5 38. Qf4 b5 39. cxb5 Qxb5 40. Qd4 Kg8 41.
g3 Nxd5 42. Qg4 Qxb2 43. Qf3 Nc3 44. Qe3 Nd1 0-1

[Event "Reykjavik Open 2026"]
[Site "Reykjavik ISL"]
[Date "2026.03.31"]
[Round "9.116"]
[White "Chung, Kevin"]
[Black "T'sas, Jan"]
[Result "0-1"]
[WhiteElo "1681"]
[BlackElo "1906"]
[WhiteFideId "30977282"]
[BlackFideId "204900"]
[EventDate "2026.03.25"]

1. e4 c5 2. Nf3 e6 3. d4 cxd4 4. Nxd4 a6 5. Nc3 Qc7 6. Bd3 Nc6 7. Nxc6 dxc6 8.
f4 Nf6 9. Qf3 e5 10. O-O Bc5+ 11. Kh1 Ng4 12. f5 h5 13. g3 Bd7 14. Kg2 O-O-O 15.
h3 Nf6 16. Na4 Bd4 17. c3 Ba7 18. Be3 c5 19. Bc2 b5 20. b3 bxa4 21. bxa4 Bc6 22.
Rab1 Qa5 23. Bf2 Rd2 0-1

[Event "Reykjavik Open 2026"]
[Site "Reykjavik ISL"]
[Date "2026.03.31"]
[Round "9.117"]
[White "Nishida, Eito"]
[Black "Tinkler, Paul"]
[Result "1-0"]
[WhiteElo "1587"]
[BlackElo "1897"]
[WhiteFideId "7006357"]
[BlackFideId "30961289"]
[EventDate "2026.03.25"]

1. d4 d6 2. e4 Nf6 3. Nc3 c6 4. h3 Qa5 5. Qf3 e5 6. Be3 Be7 7. dxe5 dxe5 8. Bc4
O-O 9. Ne2 Nbd7 10. O-O b5 11. Bb3 Nc5 12. Ng3 Nxb3 13. axb3 Qc7 14. Nf5 Bxf5
15. Qxf5 a5 16. Rfd1 Rfd8 17. h4 Rxd1+ 18. Rxd1 g6 19. Qf3 Kg7 20. Qh3 Rd8 21.
Rxd8 Qxd8 22. Qf3 h5 23. g3 Ng4 24. Kg2 Nxe3+ 25. Qxe3 Qd4 26. Qxd4 exd4 27. Ne2
Bf6 28. Nf4 Be7 29. e5 a4 30. bxa4 bxa4 31. Kf3 a3 32. bxa3 Bxa3 33. Ke4 Bb2 34.
Ne2 c5 35. Kd5 Ba3 36. Nf4 Bb4 37. Nd3 Bc3 38. Nxc5 Kf8 39. Ne4 Bb2 40. Ng5 Ke7
41. f4 f6 42. Nf3 fxe5 43. fxe5 Bc1 44. Nxd4 g5 45. Nf5+ Kf8 46. Kd6 gxh4 47.
gxh4 Bf4 48. c4 1-0

[Event "Reykjavik Open 2026"]
[Site "Reykjavik ISL"]
[Date "2026.03.31"]
[Round "9.120"]
[White "Daddario, Aayush"]
[Black "Krischer, Markus"]
[Result "1/2-1/2"]
[WhiteElo "1775"]
[BlackElo "2042"]
[WhiteFideId "39988287"]
[BlackFideId "34616152"]
[EventDate "2026.03.25"]

1. e4 e5 2. Nf3 Nc6 3. Bc4 Nf6 4. d3 Be7 5. O-O d6 6. h3 O-O 7. c3 Be6 8. Nbd2
Qd7 9. Re1 Rad8 10. Nf1 d5 11. exd5 Bxd5 12. Bb5 Bxf3 13. Qxf3 Qd5 14. Qxd5 Rxd5
15. Bc4 Rd7 16. Bb5 Bd6 17. Ng3 a6 18. Bxc6 bxc6 19. Ne4 Be7 20. Nd2 Rxd3 21.
Rxe5 Bd6 22. Re1 Rb8 23. Nc4 Kf8 24. Bg5 Nd5 25. Nxd6 cxd6 26. c4 Nf6 27. Rad1
Rxd1 28. Rxd1 Ne4 29. Bf4 Rxb2 30. Bxd6+ Nxd6 31. Rxd6 Rxa2 32. Rxc6 Ra1+ 33.
Kh2 a5 34. Rc7 a4 35. Ra7 a3 36. c5 Ke8 37. c6 Rc1 38. Rxa3 Rxc6 39. Ra7 Rd6 40.
h4 h5 41. g3 Rd7 42. Rxd7 Kxd7 43. f3 Ke6 44. g4 hxg4 45. fxg4 f5 46. gxf5+ Kxf5
47. Kg3 Kf6 48. Kg4 Kg6 49. h5+ Kh6 50. Kh4 g5+ 51. hxg6 Kxg6 1/2-1/2

[Event "Reykjavik Open 2026"]
[Site "Reykjavik ISL"]
[Date "2026.03.31"]
[Round "9.121"]
[White "Snodgrass, Benjamin"]
[Black "Kristinsson, Magnus"]
[Result "1-0"]
[WhiteElo "2040"]
[BlackElo "1801"]
[WhiteFideId "30915422"]
[BlackFideId "2305682"]
[EventDate "2026.03.25"]

1. d4 Nf6 2. Nf3 g6 3. Bg5 Bg7 4. Nbd2 d5 5. e3 O-O 6. Ne5 c5 7. c3 cxd4 8. cxd4
Nc6 9. Nxc6 bxc6 10. Bd3 Rb8 11. O-O Qb6 12. Nb3 Re8 13. Bf4 Ra8 14. Be5 Nd7 15.
Bxg7 Kxg7 16. Qc2 e5 17. Rfc1 exd4 18. exd4 Bb7 19. Qc3 Rac8 20. a4 Kg8 21. a5
Qd8 22. a6 Ba8 23. Re1 Qf6 24. Rxe8+ Rxe8 25. Re1 Re6 26. Rxe6 fxe6 27. Nc5 Nb6
28. Be2 h5 29. Qe3 Kf7 30. f4 Qf5 31. Bd3 Qf6 32. Qe5 Nc4 33. Qxf6+ Kxf6 34.
Bxc4 dxc4 35. Kf2 g5 36. fxg5+ Kxg5 37. Nxe6+ Kf6 38. Nc7 c5 39. Nxa8 cxd4 40.
Nc7 c3 41. bxc3 dxc3 42. Ke3 1-0

[Event "Reykjavik Open 2026"]
[Site "Reykjavik ISL"]
[Date "2026.03.31"]
[Round "9.122"]
[White "Jagic, Jakov"]
[Black "Paricharak, Nakul"]
[Result "1-0"]
[WhiteElo "2038"]
[BlackElo "1797"]
[WhiteFideId "2528398"]
[BlackFideId "7500173"]
[EventDate "2026.03.25"]

1. Nf3 d5 2. c4 e6 3. d4 Nf6 4. Nc3 Be7 5. Bf4 O-O 6. e3 b6 7. Be2 Bb7 8. O-O
Nbd7 9. Rc1 Nh5 10. Be5 f6 11. Bg3 Nxg3 12. hxg3 c5 13. cxd5 exd5 14. dxc5 Nxc5
15. Nd4 Qd6 16. Bf3 Rfd8 17. a3 a6 18. b4 Ne4 19. Qd3 Ng5 20. Bd1 g6 21. Bb3 Kg7
22. Rfd1 Rac8 23. Nce2 Ne6 24. Nf4 Nxf4 25. gxf4 f5 26. Qd2 Bf6 27. Rc2 Rxc2 28.
Bxc2 Rc8 29. Bxf5 Re8 30. Bg4 Re4 31. Bf3 Re7 32. Ne2 Rd7 33. Nc3 Bxc3 34. Qxc3+
Qf6 35. Qb3 a5 36. b5 Rd8 37. Rd4 Rd6 38. g3 Rd8 39. Kg2 Rd6 40. a4 Qe6 41. Qc3
Kg8 42. Qd2 Kf8 43. e4 dxe4 44. Rxd6 exf3+ 45. Kh2 Qf5 46. Rd8+ Ke7 47. Qd6+ 1-0

[Event "Reykjavik Open 2026"]
[Site "Reykjavik ISL"]
[Date "2026.03.31"]
[Round "9.123"]
[White "Stevens, Christian FRA"]
[Black "Hellstrand, Josefina"]
[Result "1-0"]
[WhiteElo "2034"]
[BlackElo "1766"]
[WhiteFideId "649090"]
[BlackFideId "1776797"]
[EventDate "2026.03.25"]

1. Nf3 d5 2. g3 Bf5 3. Bg2 Nc6 4. d3 Nf6 5. O-O e6 6. Nfd2 Bc5 7. Nc3 O-O 8. a3
a5 9. b3 Bd4 10. Bb2 Ng4 11. e4 Qf6 12. exf5 Bxc3 13. Bxc3 Qxc3 14. fxe6 fxe6
15. Qxg4 Qxd2 16. Qxe6+ Kh8 17. Qxd5 Qxc2 18. Qc4 Qb2 19. Bxc6 bxc6 20. Qxc6
Qxb3 21. Qc4 Qb6 22. Rac1 Rad8 23. Qc5 Rf3 24. Qxc7 Qxc7 25. Rxc7 Rfxd3 26. Ra1
h6 27. Ra7 R8d5 28. h4 Rf3 29. Kg2 Rb3 30. Ra2 Kh7 31. Rc2 Rb6 32. Rcc7 Rg6 33.
Rf7 h5 34. Ra8 Rg4 35. Raa7 Rg6 36. Rf4 Rc5 37. Ra4 Rc2 38. R4xa5 Rf6 39. Rxh5+
Kg6 40. Rg5+ Kh6 41. Rgxg7 Rfxf2+ 42. Kh3 Rh2+ 43. Kg4 Rc4+ 44. Kf3 Rc3+ 45. Ke4
Rc8 46. Rge7 Kh5 47. a4 Rd8 48. Rg7 Rd6 49. Rg5+ Kh6 50. a5 Rd4+ 51. Kxd4 Rd2+
52. Kc5 Rc2+ 53. Kb6 Rc6+ 54. Kb7 Rc8 55. Ra6+ Kh7 56. Kxc8 Kh8 57. Rh6# 1-0

[Event "Reykjavik Open 2026"]
[Site "Reykjavik ISL"]
[Date "2026.03.31"]
[Round "9.124"]
[White "Von Kistowski, Fynn"]
[Black "Wang, Shanshan"]
[Result "0-1"]
[BlackTitle "WFM"]
[WhiteElo "1727"]
[BlackElo "2011"]
[WhiteFideId "1353888"]
[BlackFideId "8605262"]
[EventDate "2026.03.25"]

1. e4 c5 2. Nc3 Nc6 3. Bb5 d6 4. f4 g6 5. Nf3 Bg7 6. O-O Bd7 7. Bxc6 Bxc6 8. d3
e6 9. f5 Qd7 10. fxe6 fxe6 11. Bg5 h6 12. Bh4 g5 13. Bg3 O-O-O 14. a4 Kb8 15.
Nd2 e5 16. Nc4 h5 17. Ne3 h4 18. Be1 Nf6 19. Nf5 Rhf8 20. Nb5 d5 21. Bc3 d4 22.
Bd2 Bxb5 23. axb5 Nh7 24. Qh5 Bf6 25. Ra3 Qf7 26. Qe2 b6 27. Rfa1 Rd7 28. b4 Be7
29. Nxe7 Qxe7 30. Qe1 Rf7 31. c4 dxc3 32. Bxc3 g4 33. bxc5 Qxc5+ 34. Kh1 h3 35.
Qg3 Qxa3 0-1

[Event "Reykjavik Open 2026"]
[Site "Reykjavik ISL"]
[Date "2026.03.31"]
[Round "9.125"]
[White "Resika, Nathan"]
[Black "Jamil, Emil Jacobsen"]
[Result "0-1"]
[WhiteTitle "FM"]
[WhiteElo "1990"]
[BlackElo "1769"]
[WhiteFideId "2008343"]
[BlackFideId "7204183"]
[EventDate "2026.03.25"]

1. b4 f5 2. Bb2 Nf6 3. e3 g6 4. Nf3 Bg7 5. c4 O-O 6. Be2 d6 7. d4 Nbd7 8. O-O
Qe8 9. Nc3 c6 10. Qb3 Kh8 11. a4 e5 12. Rad1 e4 13. Nd2 c5 14. Nb5 Qe7 15. dxc5
dxc5 16. Nc7 Rb8 17. b5 g5 18. Nd5 Qf7 19. Nb1 b6 20. Rd2 Bb7 21. Rfd1 Rbe8 22.
Nc7 Rc8 23. Nd5 Rce8 24. Nbc3 Nxd5 25. Nxd5 Ne5 26. f4 exf3 27. gxf3 f4 28. e4
Qh5 29. Rf1 Bc8 30. Qd1 Re6 31. Rf2 Ree8 32. Nc7 Re7 33. Nd5 Ref7 34. Nc3 g4 35.
Rd8 gxf3 36. Rxf8+ Rxf8 37. Bxf3 Bg4 38. Bxg4 Nxg4 39. Qe2 Bd4 40. Nd1 Qxh2+ 0-1

[Event "Reykjavik Open 2026"]
[Site "Reykjavik ISL"]
[Date "2026.03.31"]
[Round "9.126"]
[White "Braun, Janosch"]
[Black "Van Zeebroeck, Sam"]
[Result "0-1"]
[WhiteElo "1728"]
[BlackElo "1978"]
[WhiteFideId "1355171"]
[BlackFideId "231924"]
[EventDate "2026.03.25"]

1. d4 Nf6 2. c4 e5 3. dxe5 Ng4 4. Bf4 Nc6 5. Nf3 Bb4+ 6. Nbd2 Qe7 7. e3 Ngxe5 8.
Nxe5 Nxe5 9. Be2 O-O 10. O-O Bxd2 11. Qxd2 d6 12. b4 Re8 13. Rac1 b6 14. c5 dxc5
15. bxc5 Bf5 16. cxb6 cxb6 17. Rfd1 Rad8 18. Qc3 Rc8 19. Qb2 f6 20. Ba6 Rc5 21.
Rxc5 Qxc5 22. Rc1 Qa5 23. Qe2 Be6 24. Bxe5 Qxe5 25. Bc4 Rd8 26. Bxe6+ Qxe6 27.
h3 Kf7 28. Qh5+ Kg8 29. Qe2 g6 30. Qa6 Qe7 31. a4 Rd7 32. Rc8+ Kg7 33. Rc1 Qb4
34. Qc8 Qxa4 35. Rc7 Qd1+ 36. Kh2 Qd6+ 0-1

[Event "Reykjavik Open 2026"]
[Site "Reykjavik ISL"]
[Date "2026.03.31"]
[Round "9.127"]
[White "Heppert, Lars"]
[Black "Tivoly, Jean-Francois"]
[Result "0-1"]
[WhiteElo "1975"]
[BlackElo "1743"]
[WhiteFideId "24668575"]
[BlackFideId "652024032"]
[EventDate "2026.03.25"]

1. d4 e6 2. Nf3 f5 3. g3 Nf6 4. Bg2 d5 5. Bf4 Be7 6. O-O O-O 7. c4 Nh5 8. e3
Nxf4 9. exf4 dxc4 10. Qc2 Nc6 11. Qxc4 Qd5 12. Qxd5 exd5 13. Nc3 Rd8 14. Rad1 a6
15. Ne5 Nxe5 16. fxe5 Be6 17. f4 b5 18. Rd2 Rac8 19. Kh1 c6 20. Rc1 Kh8 21. Ne2
Rc7 22. a3 a5 23. Rdc2 Rdc8 24. Nc3 Bd8 25. Nb1 g5 26. Nd2 a4 27. Nf1 h5 28. Ne3
h4 29. Bf1 g4 30. Bd3 c5 31. dxc5 d4 32. Nxf5 Bb3 33. Rd2 Rxc5 34. Rxc5 Rxc5 35.
gxh4 Rc1+ 36. Kg2 Bd5+ 37. Kf2 Rh1 38. Nxd4 Rxh2+ 39. Ke3 Rh3+ 40. Ke2 Bb6 41.
Bxb5 Rh2+ 42. Kd3 Rxd2+ 43. Kxd2 Bxd4 44. Bxa4 g3 45. e6 g2 46. e7 0-1

[Event "Reykjavik Open 2026"]
[Site "Reykjavik ISL"]
[Date "2026.03.31"]
[Round "9.128"]
[White "Gilbert, Michael A"]
[Black "Banta, Robert Lance"]
[Result "1-0"]
[WhiteElo "1960"]
[BlackElo "1724"]
[WhiteFideId "2068036"]
[BlackFideId "39908682"]
[EventDate "2026.03.25"]

1. d4 Nf6 2. Nf3 d5 3. Bg5 e6 4. e3 Be7 5. Nbd2 O-O 6. Bd3 Nbd7 7. c3 h6 8. Bh4
b6 9. a4 a5 10. O-O Ba6 11. Bxa6 Rxa6 12. Qe2 Ra8 13. e4 dxe4 14. Nxe4 Nd5 15.
Bxe7 Nxe7 16. Rfd1 Rc8 17. Rd2 c6 18. Nd6 Rb8 19. Ne5 Nxe5 20. dxe5 Qc7 21. Rad1
Rbd8 22. Qg4 f5 23. exf6 Rxf6 24. Ne4 Rff8 25. Qxe6+ Kh8 26. Rd7 Rxd7 27. Rxd7
Qf4 28. g3 Qc1+ 29. Kg2 Nf5 30. Rf7 1-0

[Event "Reykjavik Open 2026"]
[Site "Reykjavik ISL"]
[Date "2026.03.31"]
[Round "9.129"]
[White "O Hanlon, Joe"]
[Black "Gayon, Benoit"]
[Result "0-1"]
[WhiteElo "1725"]
[BlackElo "1947"]
[WhiteFideId "2512157"]
[BlackFideId "632040"]
[EventDate "2026.03.25"]

1. d4 g6 2. Bf4 Nf6 3. Nc3 Bg7 4. e4 d6 5. e5 dxe5 6. dxe5 Nfd7 7. Nf3 O-O 8.
Bc4 Nb6 9. Bb3 Na6 10. h3 Nc5 11. O-O Nxb3 12. cxb3 Qxd1 13. Rfxd1 c6 14. Rd2 e6
15. Rad1 Nd5 16. Nxd5 exd5 17. Re1 Re8 18. Rde2 b6 19. Nd4 c5 20. Nb5 Ba6 21.
Nc7 Bxe2 22. Nxe8 Rxe8 23. Rxe2 f6 24. e6 f5 25. Kf1 Bf6 26. Ke1 g5 27. Bh2 Kg7
28. Kd1 Kg6 29. Kc2 h5 30. Bd6 f4 31. g4 fxg3 32. fxg3 Kf5 33. e7 Kg6 34. Bb8
Rxe7 35. Rxe7 Bxe7 36. Bxa7 Bd8 37. Kd3 Bc7 38. g4 hxg4 39. hxg4 Kf6 40. b4 cxb4
41. Kd4 Ke6 42. b3 Kd6 43. Ke3 Kc6 0-1

[Event "Reykjavik Open 2026"]
[Site "Reykjavik ISL"]
[Date "2026.03.31"]
[Round "9.130"]
[White "Andersson, Mitchell"]
[Black "Rossiter, Philip E"]
[Result "1-0"]
[WhiteElo "1905"]
[BlackElo "1722"]
[WhiteFideId "1765817"]
[BlackFideId "4301455"]
[EventDate "2026.03.25"]

1. e4 Nf6 2. e5 Nd5 3. c4 Nb6 4. d4 d6 5. exd6 cxd6 6. Nf3 g6 7. h3 Bg7 8. Be2
Nc6 9. O-O O-O 10. Nc3 a6 11. Re1 Qc7 12. c5 dxc5 13. dxc5 Rd8 14. cxb6 Rxd1 15.
bxc7 1-0

[Event "Reykjavik Open 2026"]
[Site "Reykjavik ISL"]
[Date "2026.03.31"]
[Round "9.131"]
[White "Karlinder, Lovis Neo"]
[Black "Butterworth, Paul"]
[Result "1/2-1/2"]
[WhiteElo "1903"]
[BlackElo "1719"]
[WhiteFideId "34664785"]
[BlackFideId "343419917"]
[EventDate "2026.03.25"]

1. e4 e6 2. d4 d5 3. exd5 exd5 4. Nf3 Bd6 5. c4 dxc4 6. Bxc4 Nf6 7. Qe2+ Qe7 8.
Qxe7+ Bxe7 9. Nc3 h6 10. O-O O-O 11. Re1 Bd8 12. b3 Nc6 13. d5 Nb4 14. Nd4 c5
15. dxc6 bxc6 16. a3 Bb6 17. Bb2 Bxd4 18. axb4 Nd5 19. Nxd5 Bxb2 20. Rab1 Bd4
21. Ne7+ Kh8 22. Nxc6 Bb6 23. Re7 Be6 24. Rb2 Rfe8 25. Bxe6 Rxe7 26. Nxe7 Re8
27. Bxf7 Rxe7 28. Bc4 Re1+ 29. Bf1 g5 30. g3 Kg7 31. Kg2 Rd1 32. Bc4 Kf6 33. Re2
Rd6 34. h3 Kf5 35. Kf3 h5 36. Bf7 h4 37. gxh4 gxh4 38. Bc4 Rd4 1/2-1/2

[Event "Reykjavik Open 2026"]
[Site "Reykjavik ISL"]
[Date "2026.03.31"]
[Round "9.132"]
[White "Paricharak, Shardul"]
[Black "Frederick, Benjamin"]
[Result "0-1"]
[WhiteElo "1895"]
[BlackElo "1681"]
[WhiteFideId "7500432"]
[BlackFideId "39936180"]
[EventDate "2026.03.25"]

1. Nf3 d5 2. b3 e6 3. Bb2 Nf6 4. e3 Be7 5. d4 O-O 6. Bd3 b6 7. O-O Bb7 8. Nbd2
Nbd7 9. Ne5 c5 10. Qf3 Nxe5 11. dxe5 Nd7 12. Qh3 g6 13. f4 Re8 14. Qg4 Bf8 15.
Nf3 Bg7 16. Ng5 Nf8 17. e4 h6 18. Nxf7 Kxf7 19. f5 Qg5 20. fxe6+ Kg8 21. Qf3
dxe4 22. Qf7+ Kh8 23. Qxb7 exd3 24. cxd3 Qe7 25. Qe4 Qxe6 26. Rae1 Rad8 27. Rf3
Rd7 28. Rh3 Rf7 29. Bc1 Qxe5 30. Bxh6 Qxe4 31. Bg5+ Kg8 32. dxe4 Bd4+ 33. Kh1
Rxe4 34. Rd1 Ne6 35. Bd2 Re2 36. Rg3 Rxd2 37. Rxg6+ Kh7 0-1

[Event "Reykjavik Open 2026"]
[Site "Reykjavik ISL"]
[Date "2026.03.31"]
[Round "9.133"]
[White "Jempty, George M"]
[Black "Leosson, Haukur Vidis"]
[Result "0-1"]
[WhiteElo "1699"]
[BlackElo "1893"]
[WhiteFideId "2059100"]
[BlackFideId "2325780"]
[EventDate "2026.03.25"]

1. d4 d5 2. g3 Nf6 3. Bg2 Bf5 4. c4 e6 5. Qb3 b6 6. Nc3 c6 7. Nf3 Bd6 8. c5 Bc7
9. a4 Nbd7 10. cxb6 axb6 11. Nh4 Bg4 12. Qc2 e5 13. h3 Bh5 14. g4 Bg6 15. Nxg6
hxg6 16. g5 Nh5 17. dxe5 Nxe5 18. b3 O-O 19. Be3 Qd6 20. Rd1 Rfe8 21. Rd4 Qe6
22. Kd1 Rad8 23. Re1 Re7 24. Qd2 Bd6 25. h4 Ng4 0-1

[Event "Reykjavik Open 2026"]
[Site "Reykjavik ISL"]
[Date "2026.03.31"]
[Round "9.134"]
[White "Turner, Jason"]
[Black "Bajnath, Dhanesh"]
[Result "0-1"]
[WhiteElo "1684"]
[BlackElo "1889"]
[WhiteFideId "39939901"]
[BlackFideId "40104842"]
[EventDate "2026.03.25"]

1. b3 e5 2. Bb2 Nc6 3. e3 d5 4. Bb5 Bd6 5. f4 Qe7 6. Nf3 Bg4 7. h3 Bxf3 8. Qxf3
Nf6 9. O-O O-O 10. Bxc6 bxc6 11. fxe5 Bxe5 12. Nc3 Rfe8 13. Rae1 Rad8 14. Kh1
Ne4 15. d4 Ng3+ 16. Kg1 Nxf1 17. dxe5 Nxe3 18. Ne2 Nxc2 19. Rc1 0-1

[Event "Reykjavik Open 2026"]
[Site "Reykjavik ISL"]
[Date "2026.03.31"]
[Round "9.137"]
[White "De Hart, Arthur"]
[Black "Puffaldt, Yorik"]
[Result "0-1"]
[WhiteElo "1611"]
[BlackElo "1877"]
[WhiteFideId "1044192"]
[BlackFideId "34634444"]
[EventDate "2026.03.25"]

1. e4 c5 2. c3 d5 3. exd5 Qxd5 4. Nf3 Nc6 5. d4 Bg4 6. Be2 Nf6 7. O-O e6 8. Be3
cxd4 9. cxd4 Bb4 10. a3 Ba5 11. b4 Bb6 12. Nc3 Qd7 13. b5 Bxf3 14. Bxf3 Nxd4 15.
Bxb7 Qxb7 16. Bxd4 Rd8 17. Ne2 Qe4 18. Rc1 Bxd4 19. Nxd4 Rxd4 20. Qb3 O-O 21.
Rc7 Rd7 0-1

[Event "Reykjavik Open 2026"]
[Site "Reykjavik ISL"]
[Date "2026.03.31"]
[Round "9.138"]
[White "Ekam Singh"]
[Black "Putnam, Bill Howard"]
[Result "1-0"]
[WhiteElo "1875"]
[BlackElo "1670"]
[WhiteFideId "33334234"]
[BlackFideId "39907791"]
[EventDate "2026.03.25"]

1. d4 Nf6 2. Bf4 c5 3. e3 cxd4 4. exd4 d5 5. Nf3 Nc6 6. Nbd2 Bg4 7. c3 e6 8. Qb3
Qc8 9. Bd3 Be7 10. h3 Bh5 11. O-O O-O 12. Rfe1 Bg6 13. Bxg6 hxg6 14. Re3 Qd7 15.
Rae1 Na5 16. Qc2 b5 17. Ne5 Qb7 18. Nxg6 Rfc8 19. Nxe7+ Qxe7 20. Bg5 b4 21. Rf3
bxc3 22. bxc3 Rc7 23. Bxf6 gxf6 24. Rg3+ Kf8 25. Qh7 Ke8 26. Rg8+ Kd7 27. Rxa8 1-0

[Event "Reykjavik Open 2026"]
[Site "Reykjavik ISL"]
[Date "2026.03.31"]
[Round "9.139"]
[White "Horie, Ryosuke"]
[Black "Kleinert, Juergen"]
[Result "0-1"]
[WhiteElo "1533"]
[BlackElo "1863"]
[WhiteFideId "7006438"]
[BlackFideId "4659180"]
[EventDate "2026.03.25"]

1. d4 d5 2. c4 dxc4 3. e3 Nf6 4. Bxc4 a6 5. Nf3 e6 6. O-O c5 7. dxc5 Qxd1 8.
Rxd1 Bxc5 9. Nc3 Nc6 10. e4 b5 11. Bd3 Bb7 12. a3 Ng4 13. Be3 Nxe3 14. fxe3
Bxe3+ 15. Kf1 Rd8 16. e5 Nd4 17. Ne4 Bxe4 18. Bxe4 O-O 19. Bb7 a5 20. Rab1 b4
21. Re1 Nxf3 22. gxf3 Bf4 23. axb4 Rb8 24. Re4 g5 25. Bc6 Rxb4 26. Rxb4 axb4 27.
Re1 Rc8 28. Ba4 Rc1 29. Rxc1 Bxc1 30. b3 Bf4 31. h3 Bxe5 32. Ke2 Bf4 33. Kd3 Kg7
34. Ke4 f5+ 35. Kd3 Kf6 36. Kd4 h5 37. Be8 h4 38. Kc5 Ke7 39. Bh5 Bd2 40. Kd4
Kd6 41. Bf7 Bc3+ 42. Kd3 Ke5 43. Bg6 Kf4 44. Ke2 Bd4 45. Bf7 e5 46. Bh5 Kg3 47.
Bg6 Kxh3 48. Bxf5+ Kg2 49. Bg4 h3 50. f4 exf4 51. Bf3+ Kg1 52. Kd3 Bc3 53. Ke4
h2 54. Kf5 h1=Q 55. Bxh1 Kxh1 56. Kxg5 f3 57. Kg4 f2 58. Kg3 f1=Q 59. Kh4 Qf5 0-1

[Event "Reykjavik Open 2026"]
[Site "Reykjavik ISL"]
[Date "2026.03.31"]
[Round "9.144"]
[White "Magnusson, Gisli"]
[Black "Aoun, Karim"]
[Result "1-0"]
[WhiteElo "1816"]
[BlackElo "1607"]
[WhiteFideId "1437330"]
[BlackFideId "5314216"]
[EventDate "2026.03.25"]

1. e4 c5 2. Nf3 d6 3. d4 cxd4 4. Nxd4 Nf6 5. Nc3 a6 6. Rg1 h5 7. Be3 e5 8. Nb3
Be7 9. h3 Be6 10. Qf3 Nc6 11. O-O-O Qc7 12. g4 hxg4 13. hxg4 O-O-O 14. g5 Nd7
15. Nd5 Bxd5 16. exd5 Nb4 17. c3 a5 18. Kb1 Na6 19. Qxf7 a4 20. Bxa6 axb3 21.
axb3 bxa6 22. Qxe7 Qb7 23. Kc2 Nc5 24. Qxb7+ Nxb7 25. Ra1 1-0

[Event "Reykjavik Open 2026"]
[Site "Reykjavik ISL"]
[Date "2026.03.31"]
[Round "9.145"]
[White "Carr, Jay"]
[Black "Tsai, Nicholas"]
[Result "1/2-1/2"]
[WhiteElo "1805"]
[BlackElo "1564"]
[WhiteFideId "30922690"]
[BlackFideId "39954811"]
[EventDate "2026.03.25"]

1. Nf3 d6 2. d4 Nf6 3. b3 g6 4. Bb2 Bg7 5. e3 Nbd7 6. Be2 b6 7. O-O O-O 8. c4
Re8 9. Qc2 e5 10. dxe5 Nxe5 11. Nxe5 dxe5 12. Nc3 e4 13. Rad1 Qe7 14. Nb5 a6 15.
Ba3 Qe5 16. Bb2 Qe7 17. Ba3 Qe5 18. Bb2 Qe7 1/2-1/2

[Event "Reykjavik Open 2026"]
[Site "Reykjavik ISL"]
[Date "2026.03.31"]
[Round "9.147"]
[White "Morrish, John"]
[Black "Gillmeister, Robin"]
[Result "1/2-1/2"]
[WhiteElo "1704"]
[BlackElo "1939"]
[WhiteFideId "343410324"]
[BlackFideId "24684414"]
[EventDate "2026.03.25"]

1. e4 c5 2. d4 cxd4 3. c3 dxc3 4. Nxc3 Nc6 5. Nf3 d6 6. Bc4 a6 7. O-O Nf6 8. Qe2
Bg4 9. Be3 e6 10. Bb3 Be7 11. Rac1 O-O 12. Rfd1 Qa5 13. Bf4 Rfd8 14. h3 Bh5 15.
Qe3 Ne5 16. Nxe5 Bxd1 17. Nc4 Qb4 18. Rxd1 d5 19. exd5 exd5 20. Ne5 d4 21. Qf3
dxc3 22. bxc3 Qe4 23. Rxd8+ Rxd8 24. Qxe4 Nxe4 25. Nxf7 Rf8 26. Nh6+ Kh8 27.
Nf7+ Kg8 28. Nh6+ Kh8 1/2-1/2

[Event "Reykjavik Open 2026"]
[Site "Reykjavik ISL"]
[Date "2026.03.31"]
[Round "9.148"]
[White "Knight, David"]
[Black "Gultekin, Ece"]
[Result "1/2-1/2"]
[WhiteElo "1888"]
[BlackElo "1684"]
[WhiteFideId "1040839"]
[BlackFideId "1772945"]
[EventDate "2026.03.25"]

1. e4 e5 2. Nf3 Nc6 3. d4 exd4 4. Bc4 Bb4+ 5. Bd2 Bxd2+ 6. Nbxd2 Nf6 7. Qe2 d6
8. O-O-O Ne5 9. Bb3 c5 10. Nxe5 dxe5 11. f4 exf4 12. e5 Qe7 13. Qb5+ Nd7 14. e6
fxe6 15. Bxe6 a6 16. Qb3 Ne5 17. Bxc8 Rxc8 18. Rhe1 Rc6 19. Qd5 Re6 20. Nf3 Nd3+
21. cxd3 Re3 22. Kd2 Rf8 23. Ne5 Rf5 24. Qg8+ Rf8 25. Qd5 Rf5 1/2-1/2